| 000 -LEADER |
| fixed length control field |
00451nam a22001337a 4500 |
| 008 - FIXED-LENGTH DATA ELEMENTS--GENERAL INFORMATION |
| fixed length control field |
200212b ||||| |||| 00| 0 eng d |
| 100 ## - MAIN ENTRY--PERSONAL NAME |
| 9 (RLIN) |
1656 |
| Personal name |
Forsthoffer, William E. |
| 245 10 - TITLE STATEMENT |
| Title |
Forsthoffer's rotating equipment handbook: Auxiliary systems, Vol. 4 |
| 260 ## - PUBLICATION, DISTRIBUTION, ETC. (IMPRINT) |
| Place of publication, distribution, etc |
Oxford |
| Name of publisher, distributor, etc |
Elsevier |
| Date of publication, distribution, etc |
2005 |
| 300 ## - PHYSICAL DESCRIPTION |
| Extent |
xv,387p. |
| 490 0# - SERIES STATEMENT |
| Series statement |
Forsthoffers rotating equipment handbooks |
| Volume number/sequential designation |
Vol. 4 |
| 650 #0 - SUBJECT ADDED ENTRY--TOPICAL TERM |
| Topical term or geographic name as entry element |
Machinery--Dynamics |
| 942 ## - ADDED ENTRY ELEMENTS (KOHA) |
| Item type |
Books |